| 000 | 00550nam a2200169 a 4500 | ||
|---|---|---|---|
| 008 | 120416s1972 ||||||||||||||||| || u | ||
| 020 | _a0070173427 | ||
| 050 | _aNA 2800 Doe | ||
| 100 | _aDoelle, Leslie L | ||
| 245 | 1 | 0 | _aEnvironmental acoustics |
| 260 |
_aNew York: _bMcGraw-Hill _c1972 |
||
| 300 | _ax, 246p. : ill. | ||
| 350 | _a0.00 | ||
| 650 | _aRESEARCH COLLABORATION | ||
| 650 | _aTEXTBOOKS | ||
| 995 |
_D0.00 _FCBU-MAIN LIBRARY (Kitwe) _H1 _I25.00 _UDAMAGED _ZMain Library Open Access Collection |
||
| 999 |
_c42165 _d42165 |
||